[Event "Bayernliga U20 1112"]
[Site "Bayern"]
[Date "2012.01.21"]
[Round "5.4"]
[White "Milling, Manuel"]
[Black "Lauterbach, Tobias"]
[Result "1/2-1/2"]
[WhiteElo "1715"]
[BlackElo "1663"]
[PlyCount "69"]
[EventDate "2011.11.12"]
[EventType "team-swiss"]
[EventRounds "7"]
[EventCountry "GER"]
[SourceTitle "EXT 2022"]
[Source "ChessBase"]
[SourceDate "2021.10.06"]
[SourceVersion "1"]
[SourceVersionDate "2021.10.06"]
[SourceQuality "1"]
[WhiteTeam "Klosterlechfeld U20"]
[BlackTeam "Buechenbach/Roth U20"]
[WhiteTeamCountry "GER"]
[BlackTeamCountry "GER"]

1. e4 e6 2. d4 d5 3. exd5 exd5 4. Bd3 Bd6 5. Ne2 Nf6 6. Bf4 Bxf4 7. Nxf4 Qd6 8. Qd2 0-0 9. Nc3 Re8+ 10. Nce2 Nc6 11. 0-0-0 Nb4 12. Kb1 Ng4 13. Rdf1 Nxd3 14. Qxd3 Bd7 15. h3 Nf6 16. f3 Qb6 17. g4 Bb5 18. Qd2 Qa6 19. Re1 Bxe2 20. Rxe2 Rxe2 21. Nxe2 Qd6 22. Nc3 c6 23. g5 Nd7 24. Qe3 Kf8 25. Re1 Nb6 26. Qe5 Qxe5 27. Rxe5 Re8 28. Rxe8+ Kxe8 29. b3 Ke7 30. Kc1 Ke6 31. Ne2 Kf5 32. h4 Nd7 33. Kd2 Nf8 34. Ke3 f6 35. Ng3+ 1/2-1/2

[Event "Bayernliga U20 1112"]
[Site "Bayern"]
[Date "2011.12.03"]
[Round "2.3"]
[White "Suess, Pascal"]
[Black "Lauterbach, Tobias"]
[Result "0-1"]
[WhiteElo "1142"]
[BlackElo "1663"]
[PlyCount "98"]
[EventDate "2011.11.12"]
[EventType "team-swiss"]
[EventRounds "7"]
[EventCountry "GER"]
[SourceTitle "EXT 2022"]
[Source "ChessBase"]
[SourceDate "2021.10.06"]
[SourceVersion "1"]
[SourceVersionDate "2021.10.06"]
[SourceQuality "1"]
[WhiteTeam "Lauf SV U20"]
[BlackTeam "Buechenbach/Roth U20"]
[WhiteTeamCountry "GER"]
[BlackTeamCountry "GER"]

1. e4 e6 2. d4 d5 3. Nc3 Nf6 4. Bd3 a6 5. Nf3 c5 6. b3 Nc6 7. Be3 cxd4 8. Nxd4 Qa5 9. Nde2 Bb4 10. Qd2 d4 11. 0-0 dxe3 12. fxe3 0-0 13. Rfb1 Ng4 14. Qe1 Qb6 15. Qg3 Qxe3+ 16. Qxe3 Nxe3 17. a3 Bc5 18. Kh1 Ng4 19. g3 Nd4 20. Nxd4 Bxd4 21. Be2 Bxc3 22. Bxg4 Bxa1 23. Rxa1 e5 24. Be2 Be6 25. c4 Rfd8 26. Kg2 Rd4 27. Kf3 Rad8 28. Rc1 h5 29. h4 Bg4+ 30. Kf2 Bxe2 31. Kxe2 Rxe4+ 32. Kf3 Red4 33. Ke2 Rd2+ 34. Ke1 R2d3 35. Kf2 Rxb3 36. c5 Rxa3 37. Rc4 Rd4 38. Rc2 Rad3 39. Re2 Rd2 40. Rxd2 Rxd2+ 41. Ke3 Rd4 42. Kf3 a5 43. Ke3 a4 44. Ke2 a3 45. Ke3 a2 46. Ke2 a1Q 47. Ke3 Qc3+ 48. Ke2 Rd2+ 49. Ke1 Qc1# 0-1

[Event "Bayernliga U20 1011"]
[Site "Bayern"]
[Date "2011.04.02"]
[Round "6.5"]
[White "Lauterbach, Tobias"]
[Black "Laimer, Tobias"]
[Result "0-1"]
[WhiteElo "1626"]
[BlackElo "1818"]
[PlyCount "74"]
[EventDate "2010.10.16"]
[EventType "team-tourn"]
[EventRounds "7"]
[EventCountry "GER"]
[SourceTitle "EXT 2022"]
[Source "ChessBase"]
[SourceDate "2021.10.06"]
[SourceVersion "1"]
[SourceVersionDate "2021.10.06"]
[SourceQuality "1"]
[WhiteTeam "Buechenbach/Roth U20"]
[BlackTeam "Ergolding FC U20"]
[WhiteTeamCountry "GER"]
[BlackTeamCountry "GER"]

1. e4 c5 2. c3 Qa5 3. Bc4 Nc6 4. Nf3 d6 5. 0-0 Bg4 6. Qb3 Nd8 7. Ng5 e6 8. Bb5+ Ke7 9. f3 Bh5 10. d4 cxd4 11. cxd4 Qb6 12. Be3 a6 13. Ba4 Qxb3 14. Bxb3 h6 15. Nh3 g5 16. Rc1 Kd7 17. d5 Bg7 18. Nc3 b5 19. Rc2 Ne7 20. Rac1 Nb7 21. a4 Na5 22. dxe6+ fxe6 23. Ba2 b4 24. Nd1 Rhc8 25. Bb6 Nac6 26. Bc4 Bd4+ 27. Bxd4 Nxd4 28. Rd2 Nb3 29. Bxb3 Rxc1 30. Kf1 Nc6 31. Ke2 Rc8 32. Nhf2 Na5 33. Rd3 Nxb3 34. Rxb3 a5 35. Ne3 Ke7 36. Nd3 Ra1 37. h3 Be8 0-1

[Event "Mittelfranken-ch NT 58th"]
[Site "Postbauer"]
[Date "2009.04.10"]
[Round "6"]
[White "Lauterbach, Tobias"]
[Black "Llugiq, Azem"]
[Result "0-1"]
[WhiteElo "1497"]
[BlackElo "1667"]
[PlyCount "72"]
[EventDate "2009.04.08"]
[EventType "swiss"]
[EventRounds "7"]
[EventCountry "GER"]
[SourceTitle "EXT 2015"]
[Source "ChessBase"]
[SourceDate "2014.11.20"]
[SourceVersion "1"]
[SourceVersionDate "2014.11.20"]
[SourceQuality "1"]

1. e4 c5 2. c3 e6 3. d4 cxd4 4. cxd4 d5 5. Nc3 Bb4 6. e5 Ne7 7. Qg4 0-0 8. Bd3 Ng6 9. h4 f5 10. Qg3 Nc6 11. h5 Nh8 12. h6 g6 13. Bg5 Be7 14. Bxe7 Qxe7 15. Nge2 a6 16. f4 b5 17. Kd2 Bd7 18. Qf3 Rac8 19. b3 Qb4 20. Qf2 Rc7 21. a3 Qe7 22. b4 Na7 23. Rhg1 Nf7 24. Rh1 Nc8 25. Ng3 Nb6 26. Nh5 gxh5 27. Qg3+ Ng5 28. fxg5 Be8 29. Rh4 Bg6 30. Ne2 Rfc8 31. Nf4 Rc3 32. Qh2 Qf7 33. Ne2 R3c6 34. Rc1 Rxc1 35. Nxc1 Qc7 36. Qg1 Qc3+ 0-1

[Event "Mittelfranken-ch NT 58th"]
[Site "Postbauer"]
[Date "2009.04.09"]
[Round "4"]
[White "Schneider, Dominik1111"]
[Black "Lauterbach, Tobias"]
[Result "0-1"]
[WhiteElo "1666"]
[BlackElo "1497"]
[PlyCount "52"]
[EventDate "2009.04.08"]
[EventType "swiss"]
[EventRounds "7"]
[EventCountry "GER"]
[SourceTitle "EXT 2015"]
[Source "ChessBase"]
[SourceDate "2014.11.20"]
[SourceVersion "1"]
[SourceVersionDate "2014.11.20"]
[SourceQuality "1"]

1. e4 e6 2. d4 d5 3. c4 dxe4 4. Nc3 c5 5. dxc5 Qxd1+ 6. Kxd1 Bxc5 7. Nxe4 Be7 8. Bf4 Nf6 9. Bd3 Na6 10. Nd6+ Bxd6 11. Bxd6 b6 12. Nf3 Bb7 13. Ne5 Rd8 14. c5 Nxc5 15. Bb5+ Ncd7 16. Nxd7 Nxd7 17. Rc1 a6 18. Rc7 Bxg2 19. Rg1 Bf3+ 20. Kd2 axb5 21. Rxg7 Bd5 22. a3 Be4 23. Ke3 Bg6 24. f4 Ra8 25. Kd2 Kd8 26. Kc3 Rc8 0-1

[Event "Mittelfranken-ch NT 58th"]
[Site "Postbauer"]
[Date "2009.04.08"]
[Round "2"]
[White "Hofmann, David"]
[Black "Lauterbach, Tobias"]
[Result "0-1"]
[WhiteElo "1095"]
[BlackElo "1497"]
[PlyCount "86"]
[EventDate "2009.04.08"]
[EventType "swiss"]
[EventRounds "7"]
[EventCountry "GER"]
[SourceTitle "EXT 2015"]
[Source "ChessBase"]
[SourceDate "2014.11.20"]
[SourceVersion "1"]
[SourceVersionDate "2014.11.20"]
[SourceQuality "1"]

1. e4 e6 2. Nf3 d5 3. e5 c5 4. d4 Qb6 5. Nc3 Nc6 6. Be3 Qxb2 7. Na4 Qa3 8. Nxc5 Bxc5 9. dxc5 Qa5+ 10. Qd2 Qc7 11. Bb5 Bd7 12. Bf4 Nge7 13. 0-0 Nb8 14. Qb4 a6 15. Ba4 Bxa4 16. Qxa4+ Nd7 17. Be3 Nf5 18. Rfe1 Nxe3 19. Rxe3 Qxc5 20. Rc1 b5 21. Qb3 0-0 22. a4 b4 23. c4 Nb6 24. Nd2 Rfc8 25. Kf1 dxc4 26. Ne4 cxb3 27. Rxc5 Rxc5 28. Nxc5 b2 29. Rb3 Rc8 30. a5 Rxc5 31. axb6 Rb5 32. Ke2 Rxe5+ 33. Kd2 Rb5 34. Kd3 Rxb6 35. Rxb2 Kf8 36. Kc4 Ke7 37. f4 Kd6 38. Rxb4 Rxb4+ 39. Kxb4 Kd5 40. Ka5 Ke4 41. g3 Kf3 42. Kxa6 Kg2 43. Kb6 Kxh2 0-1